No growth area (Record no. 84324)

MARC details
000 -LEADER
fixed length control field 00935cab a22001935a 4500
001 - CONTROL NUMBER
control field L157309
008 - FIXED-LENGTH DATA ELEMENTS--GENERAL INFORMATION
fixed length control field 121015e2012 xxk 000 0 eng d
035 ## - SYSTEM CONTROL NUMBER
System control number (Sirsi) u157309
041 0# - LANGUAGE CODE
Language code of text/sound track or separate title eng
100 1# - MAIN ENTRY--PERSONAL NAME
Personal name Sandher, Hardeep
245 00 - TITLE STATEMENT
Title No growth area
260 ## - PUBLICATION, DISTRIBUTION, ETC.
Date of publication, distribution, etc. 2012
490 #0 - SERIES STATEMENT
Series statement Property Week
Volume/sequential designation 78(40) 5 October 2012 Out-of-town retail Supplement, 4-5(2)
520 ## - SUMMARY, ETC.
Summary, etc. Expanding discount retailers are the only shining light in a stunted retail warehousing market. Budget retailers such as N & M Retail, Poundworld and Family Bargains are going from strength to strength and this sector is setting the trend for signing headline rents. Vacancy rates have fallen as speculative development is put on hold. CBRE Global Investors and the Crown Estate are the fastest growing investors in the UK retail for the first time.
590 ## - LOCAL NOTE (RLIN)
Local note KA
651 #4 - SUBJECT ADDED ENTRY--GEOGRAPHIC NAME
Geographic name United Kingdom
690 ## - LOCAL SUBJECT ADDED ENTRY--TOPICAL TERM (OCLC, RLIN)
Topical term or geographic name as entry element Commercial property
9 (RLIN) 6227
942 ## - ADDED ENTRY ELEMENTS (KOHA)
Suppress in OPAC 0
Holdings
Withdrawn status Lost status Source of classification or shelving scheme Damaged status Not for loan Home library Current library Shelving location Date acquired Total Checkouts Full call number Barcode Date last seen Copy number Price effective from Koha item type
    Dewey Decimal Classification     London London Journal article 15/10/2012   L157309 157309-1001 06/08/2019 1 06/08/2019 Journal article